Statistics for Countries of The World (No Map)

Click here to take the quiz!

General Stats

  • This quiz has been taken 32 times
  • The average score is 167 of 197

Answer Stats

Answer% Correct
Argentina
93%
Australia
93%
Botswana
93%
Brazil
93%
Chile
93%
Colombia
93%
Solomon Islands
93%
Tonga
93%
United States
93%
Uruguay
93%
Venezuela
93%
Algeria
89%
Andorra
89%
Armenia
89%
Austria
89%
Azerbaijan
89%
Bahamas
89%
Bangladesh
89%
Belarus
89%
Belgium
89%
Belize
89%
Canada
89%
Chad
89%
China
89%
Czechia
89%
Djibouti
89%
Dominica
89%
Dominican Republic
89%
Estonia
89%
Fiji
89%
France
89%
Guatemala
89%
Haiti
89%
Iran
89%
Iraq
89%
Japan
89%
Kiribati
89%
Laos
89%
Latvia
89%
Libya
89%
Lithuania
89%
Madagascar
89%
Maldives
89%
Marshall Islands
89%
Morocco
89%
Nauru
89%
North Korea
89%
Oman
89%
Pakistan
89%
Paraguay
89%
Peru
89%
Qatar
89%
Rwanda
89%
Samoa
89%
São Tomé and Príncipe
89%
South Africa
89%
South Korea
89%
South Sudan
89%
Sudan
89%
Suriname
89%
Sweden
89%
Taiwan
89%
Thailand
89%
Togo
89%
Tuvalu
89%
Uganda
89%
Ukraine
89%
United Kingdom
89%
Vanuatu
89%
Vietnam
89%
Zimbabwe
89%
Afghanistan
86%
Angola
86%
Barbados
86%
Benin
86%
Brunei
86%
Bulgaria
86%
Cambodia
86%
Comoros
86%
Costa Rica
86%
Cuba
86%
Democratic Republic of the Congo
86%
El Salvador
86%
Finland
86%
Greece
86%
Grenada
86%
Guinea
86%
Guinea-Bissau
86%
Guyana
86%
Honduras
86%
Hungary
86%
Iceland
86%
India
86%
Indonesia
86%
Ireland
86%
Israel
86%
Jamaica
86%
Jordan
86%
Kazakhstan
86%
Kenya
86%
Kyrgyzstan
86%
Malaysia
86%
Mexico
86%
Monaco
86%
Mozambique
86%
Myanmar
86%
Nepal
86%
Netherlands
86%
New Zealand
86%
Nicaragua
86%
Norway
86%
Panama
86%
Portugal
86%
Romania
86%
Somalia
86%
Switzerland
86%
Tajikistan
86%
Timor-Leste
86%
Trinidad and Tobago
86%
Turkmenistan
86%
United Arab Emirates
86%
Uzbekistan
86%
Yemen
86%
Zambia
86%
Antigua and Barbuda
82%
Bahrain
82%
Burundi
82%
Central African Republic
82%
Cote D'Ivoire
82%
Croatia
82%
Denmark
82%
Ecuador
82%
Egypt
82%
Eritrea
82%
Eswatini
82%
Ethiopia
82%
Gambia
82%
Germany
82%
Ghana
82%
Italy
82%
Kuwait
82%
Lebanon
82%
Lesotho
82%
Liechtenstein
82%
Malawi
82%
Mali
82%
Mauritania
82%
Mauritius
82%
Micronesia
82%
Moldova
82%
Mongolia
82%
Montenegro
82%
Namibia
82%
North Macedonia
82%
Papua New Guinea
82%
Poland
82%
Republic of the Congo
82%
Russia
82%
Saint Kitts and Nevis
82%
Saint Lucia
82%
Saint Vincent and the Grenadines
82%
San Marino
82%
Senegal
82%
Serbia
82%
Singapore
82%
Slovakia
82%
Slovenia
82%
Spain
82%
Sri Lanka
82%
Tanzania
82%
Tunisia
82%
Vatican City
82%
Albania
79%
Bhutan
79%
Bolivia
79%
Bosnia and Herzegovina
79%
Cameroon
79%
Cyprus
79%
Equatorial Guinea
79%
Gabon
79%
Georgia
79%
Kosovo
79%
Liberia
79%
Luxembourg
79%
Niger
79%
Nigeria
79%
Palau
79%
Seychelles
79%
Syria
79%
Turkey
79%
Burkina Faso
75%
Malta
75%
Philippines
75%
Sierra Leone
75%
Saudi Arabia
71%
Palestine
50%
Cabo Verde
46%

Score Distribution

Percentile by Number Answered

Percent of People with Each Score

Your Score History

You have not taken this quiz